Essential Haematology (Record no. 480159)
[ view plain ]
| 000 -LEADER | |
|---|---|
| fixed length control field | 00351nam a22001457a 4500 |
| 003 - CONTROL NUMBER IDENTIFIER | |
| control field | ASAB |
| 005 - DATE AND TIME OF LATEST TRANSACTION | |
| control field | 20180827062646.0 |
| 008 - FIXED-LENGTH DATA ELEMENTS--GENERAL INFORMATION | |
| fixed length control field | 160712t xxu||||| |||| 00| 0 eng d |
| 020 ## - INTERNATIONAL STANDARD BOOK NUMBER | |
| International Standard Book Number | 978-1-4051-3649-5 |
| 040 ## - CATALOGING SOURCE | |
| Transcribing agency | ASAB |
| 245 ## - TITLE STATEMENT | |
| Title | Essential Haematology |
| Statement of responsibility, etc. | edited by A.V. Hoffbrand |
| 250 ## - EDITION STATEMENT | |
| Edition statement | fifth Edition |
| 300 ## - PHYSICAL DESCRIPTION | |
| Extent | 364 p |
| 942 ## - ADDED ENTRY ELEMENTS (KOHA) | |
| Source of classification or shelving scheme | |
| Koha item type | Book |
| Withdrawn status | Lost status | Source of classification or shelving scheme | Damaged status | Not for loan | Collection code | Permanent Location | Current Location | Date acquired | Total Checkouts | Full call number | Barcode | Date last seen | Date last checked out | Price effective from | Koha item type | Total Renewals |
|---|---|---|---|---|---|---|---|---|---|---|---|---|---|---|---|---|
| Atta-ur-Rahman School of Applied Biosciences (ASAB) | Atta-ur-Rahman School of Applied Biosciences (ASAB) | 07/12/2016 | 1 | 616.15 Hof | ASAB3176 | 11/17/2023 | 09/22/2023 | 07/12/2016 | Book | |||||||
| Atta-ur-Rahman School of Applied Biosciences (ASAB) | Atta-ur-Rahman School of Applied Biosciences (ASAB) | 07/12/2016 | 616.15 Hof | ASAB3174 | 07/12/2016 | 07/12/2016 | Book | |||||||||
| Atta-ur-Rahman School of Applied Biosciences (ASAB) | Atta-ur-Rahman School of Applied Biosciences (ASAB) | 07/12/2016 | 616.15 Hof | ASAB3173 | 07/12/2016 | 07/12/2016 | Book | |||||||||
| Atta-ur-Rahman School of Applied Biosciences (ASAB) | Atta-ur-Rahman School of Applied Biosciences (ASAB) | 07/12/2016 | 616.15 Hof | ASAB3172 | 07/12/2016 | 07/12/2016 | Book | |||||||||
| Atta-ur-Rahman School of Applied Biosciences (ASAB) | Atta-ur-Rahman School of Applied Biosciences (ASAB) | 07/12/2016 | 2 | 616.15 HOF | ASAB3175 | 11/06/2023 | 09/22/2023 | 07/12/2016 | Book | 1 |
